Klicke die Länder nach einer ihrer Städte auf einer grenzenlosen Karte - Statistiken

Allgemein
  • Dieses Quiz wurde 105 mal gespielt
  • Das Durchschnittsergebnis liegt bei 13 aus 20
Antworten auf der Karte
Die Antworten werden auf der Karte rot bzw. grün angezeigt, abhängig davon wie oft sie richtig erraten wurden.
 
Antwortstatistiken
Antwort % Korrekt
Istanbul
86%
Venedig
83%
Barcelona
81%
Perth
81%
St. Petersburg
81%
Lyon
77%
Osaka
77%
Bergen
71%
Danzig
71%
Dubai
69%
Guadalajara
69%
Kalkutta
69%
Chengdu
68%
Ho Chi Minh Stadt
68%
Marrakesh
68%
Calgary
55%
Manaus
50%
Almaty
46%
Timbuktu
38%
Abidjan
23%
Keine übereinstimmenden Quizze gefunden
Verteilung der Resultate
Anzahl Personen mit jedem Resultat
Perzentil nach korrekt beantworteten Fragen
Ihre Resultats-Entwicklung
Sie haben dieses Quiz noch nicht gespielt